Govt. of
Madhya Pradesh

Careers in Science (Record no. 15452)

MARC details
000 -LEADER
fixed length control field 005090000a22001930004500
001 - CONTROL NUMBER
control field 003552
003 - CONTROL NUMBER IDENTIFIER
control field MACL
005 - DATE AND TIME OF LATEST TRANSACTION
control field 20150812120120.0
008 - FIXED-LENGTH DATA ELEMENTS--GENERAL INFORMATION
fixed length control field 150812b xxu||||| |||| 00| 0 eng d
040 ## - CATALOGING SOURCE
Original cataloging agency MACL
Transcribing agency MACL
041 ## - LANGUAGE CODE
Language code of text/sound track or separate title English
082 ## - DEWEY DECIMAL CLASSIFICATION NUMBER
Classification number 370.113/SAL
100 ## - MAIN ENTRY--PERSONAL NAME
Personal name Dilip, M. Salwi
9 (RLIN) 4876
245 ## - TITLE STATEMENT
Title Careers in Science
Remainder of title A Complete Guide to a Successful Career in Science
Statement of responsibility, etc. M. Salwi Dilip
260 ## - PUBLICATION, DISTRIBUTION, ETC. (IMPRINT)
Place of publication, distribution, etc. Delhi
Date of publication, distribution, etc. 1996
Name of publisher, distributor, etc. UBSPD,
350 ## - PRICE (NR) (BK AM CF MU VM SE) [OBSOLETE]
Price 75
650 ## - SUBJECT ADDED ENTRY--TOPICAL TERM
Topical term or geographic name as entry element Education
9 (RLIN) 4877
942 ## - ADDED ENTRY ELEMENTS (KOHA)
Call number prefix 370
Koha item type Books
Source of classification or shelving scheme
Holdings
Withdrawn status Lost status Source of classification or shelving scheme Damaged status Not for loan Home library Current library Date acquired Cost, normal purchase price Total Checkouts Full call number Barcode Date last seen Uniform Resource Identifier Price effective from Koha item type
          MACL MACL 15/04/2015 75.00   370.113/SAL CRE010760 02/05/2024 15347 15/04/2015 Books